Представление документа в формате RUSMARC

ПолеНазваниеЗначение
  Тип записи a
  Библиографический уровень m
001 Контрольный номер RU/УГОНБ/EK/52301
005 Дата корректировки 20250520122226.6
010 Индекс ISBN __
a ISBN 2-229-00563-7
d Цена 2 р. 50 к.
9 Тираж 730 экз.
100 Данные общей обработки __
a Данные общей обработки 19910607d1991 u u0rusy0189 ca
101 Язык документа 0_
a Язык текста rus
105 Кодированные данные (монография) __
a Кодированные данные (монография) a ¦¦¦¦¦¦¦¦¦
200 Заглавие и сведения об ответственности 1_
a Заглавие Гидропрессование труднодеформируемых тугоплавких металлов и сплавов
f Первые сведения об ответственности Г. Л. КОЛМОГОРОВ, В. Г. МИХАЙЛОВ, Ю. А. БАРКОВ, В. А. КАРЛИНСКИЙ
210 Выходные данные 1_
a Место издания Москва
c Издательство Металлургия
d Дата издания 1991
215 Физическое описание __
a Объем 141 с.
c Иллюстрации/тип воспроизводства ил.
d Формат 21 см
300 Общие примечания __
a Общие примечания Библиогр.: с. 138-141
606 Тематические рубрики 0_
a Основная рубрика Металлы тугоплавкие
x Основная подрубрика Выдавливание гидравлическое
606 Тематические рубрики 0_
a Основная рубрика Тугоплавкие сплавы
x Основная подрубрика Выдавливание гидравлическое
610 Ключевые слова 0_
a Ключевые слова металлы
610 Ключевые слова 0_
a Ключевые слова металлы тугоплавкие
610 Ключевые слова 0_
a Ключевые слова сплавы
610 Ключевые слова 0_
a Ключевые слова гидропрессование
686 Индексы других классификаций __
a Классификационный индекс 34.623.4
2 Код системы rubbk
701 Альтернативная интеллектуальная ответственность _1
a Фамилия Колмогоров
b Имя (инициалы) Г.Л.
701 Альтернативная интеллектуальная ответственность _1
a Фамилия МИХАЙЛОВ
b Имя (инициалы) В.Г.
701 Альтернативная интеллектуальная ответственность _1
a Фамилия БАРКОВ
b Имя (инициалы) Ю.А.
701 Альтернативная интеллектуальная ответственность _1
a Фамилия КАРЛИНСКИЙ
b Имя (инициалы) В.А.
801 Источник записи _0
a Страна RU
b Организация Ульяновская ОНБ
c Дата составления 19910607
g Правила каталогизации PSBO
801 Источник записи _1
a Страна RU
b Организация Ульяновская ОНБ
c Дата составления 20071116
901 Тип документа __
t Тип документа m
938 Служебная информация __
a Имя БД books
b Имя библиотеки УОНБ
c Имя АИБС МАРК-SQL
d Номер DOC_ID в БД 151507